Statistics for Three words, one country #1

Click here to take the quiz!

General Stats

  • This quiz has been taken 903 times
  • The average score is 12 of 16

Answer Stats

Hint Answer % Correct
Mozart, Anschluss, SchengenAustria
95%
Canal, Mubarak, SinaiEgypt
92%
Zedong, Macau, NuclearChina
91%
Latin, Wine, VitruvianItaly
91%
Cyrus, Tehran, YooshijIran
88%
Tenochtitlan, Chihuahua, CartelMexico
88%
Monarchy, Island, GreatThe United Kingdom
83%
Bread, Mimes, RevolutionFrance
81%
Tear, Ceylon, ColomboSri Lanka
80%
Hoplite, Olive, CrisisGreece
75%
Lawrence, Peninsula, OilSaudi Arabia
75%
Seppuku, Tenno, MacaquesJapan
62%
Nile, Mountain, NgorongoroTanzania
55%
Idi, Swahili, PlateauUganda
54%
Basilica, Wall, CardinalVatican City
51%
Banjul, River, WestThe Gambia
36%

Score Distribution

Percentile by Number Answered

Percent of People with Each Score

Your Score History

You have not taken this quiz